000 00229nam a2200085Ia 4500
008 120527s9999 xx 000 0 und d
100 _aMurherjee, karai
245 _aIntroduction mathematics for the clinical laboratory
942 _cBK
999 _c27866
_d27866